Mapas mentales de matemáticas / (Registro nro. 14794)

Detalles MARC
000 -LIDER
fixed length control field 00968nam a2200301 a 4500
001 - NÚMERO DE CONTROL
Identificador de número de control 000019592
003 - IDENTIFICACDOR DE NÚMERO DE CONTROL
control field DO-SdBNP
005 - DATE AND TIME OF LATEST TRANSACTION
control field 20240902135715.0
008 - ELEMENTOS DE LONGITUD FIJA
fixed length control field 100630r2011 sp a 000 0 spa d
020 ## - ISBN
International Standard Book Number 9786074360271
040 ## - FUENTE DE CATALOGACIÓN
Agencia que crea de manera original el registro DO-SdBNP
Idioma de catalogación spa
Agencia que realiza la transcripción BPMSU
049 ## - LOCAL HOLDINGS (OCLC)
Holding library
082 #4 - NÚMERO DE CLASIFICACIÓN DECIMAL DE DEWEY
Classification number 372.7
Item number G984m 2011
Edition number 22
100 1# - ASIENTO PRINCIPAL -- NOMBRE PERSONAL
Nombre personal Gutiérrez Corona, Jesús Enrique
245 10 - MENCIÓN DE TITULO
Título Mapas mentales de matemáticas /
Mención de responsabilidad Jesús Enrique Gutiérrez Corona ; dirección editorial Jesús Gutiérrez Roa
Subtítulo
260 ## - PUBLICACIÓN, DISTRIBUCIÓN, ETC. (PIE DE IMPRENTA)
Lugar de publicación, distribución, etc México :
Nombre del editor, distribuidor, etc. Ediciones Euroméxico,
Fecha de publicación, distribución, etc 2011
300 ## - DESCRIPCIÓN FÍSICA
Extensión 303 p. :
Otros detalles físicos il. ;
Dimensiones 27 cm.
590 ## - NOTA LOCAL
Texto de la nota local Inventariado, 2024/VM
650 #4 - ENCABEZAMIENTO DE MATERIA--TEMÁTICO
Término temático o nombre geográfico como elemento de entrada Aritmética
Subdivisión temática general Enseñanza
650 #4 - ENCABEZAMIENTO DE MATERIA--TEMÁTICO
Término temático o nombre geográfico como elemento de entrada Geometría
Subdivisión temática general Enseñanza
650 #4 - ENCABEZAMIENTO DE MATERIA--TEMÁTICO
Término temático o nombre geográfico como elemento de entrada Algebra
Subdivisión temática general Enseñanza
650 #4 - ENCABEZAMIENTO DE MATERIA--TEMÁTICO
Término temático o nombre geográfico como elemento de entrada Trigonometría
Subdivisión temática general Enseñanza
650 #4 - ENCABEZAMIENTO DE MATERIA--TEMÁTICO
Término temático o nombre geográfico como elemento de entrada Mapas cognoscitivos
700 1# - ASIENTO SECUNDARIO -- NOMBRE PERSONAL
Nombre personal Gutiérrez Roa, Jesús
Mención de responsabilidad dirección editorial
710 2# - ASIENTO SECUNDARIO -- NOMBRE CORPORATIVO
Nombre corporativo o de jurisdicción Lexus
910 ## - VALIDACIÓN
Validación VMateo V. Control de calidad. BPMSU
942 ## - ADDED ENTRY ELEMENTS (KOHA)
Source of classification or shelving scheme Dewey Decimal Classification
Koha item type Libros
Existencias
Withdrawn status Lost status Source of classification or shelving scheme Damaged status Not for loan Collection code Home library Current library Date acquired Source of acquisition Total Checkouts Full call number Barcode Date last seen Price effective from Koha item type
    Dewey Decimal Classification     Colección Infantil General Biblioteca Pública Metropolitana Salomé Ureña Biblioteca Pública Metropolitana Salomé Ureña 09/02/2024 Compra   BPMSU CGI 372.7 G984m 2011 BPMSU24090002 09/02/2024 09/02/2024 Libros